[Event "HEM A-Turnier"]
[Site "Marburg"]
[Date "2017.??.??"]
[Round "2.13"]
[White "Bethke, Robert"]
[Black "Bluebaum, Johanna"]
[Result "1/2-1/2"]
[WhiteElo "1912"]
[BlackElo "1977"]
[PlyCount "89"]
[EventDate "2017.??.??"]

1. c4 e6 2. Nc3 Nf6 3. Nf3 d5 4. cxd5 exd5 5. d4 Bb4 6. Bd2 O-O 7. e3 Nc6 8.
Bd3 Bg4 9. h3 Bh5 10. Qc2 Bg6 11. Bxg6 hxg6 12. O-O-O a6 13. g4 Be7 14. g5 Nh5
15. h4 Nb4 16. Qb1 b5 17. Ne5 Qd6 18. a3 Nc6 19. Nxc6 Qxc6 20. e4 Qc4 21. exd5
Qxd4 22. Be3 Qc4 23. Qc2 Qg4 24. Ne4 Rac8 25. Nc5 a5 26. Rd4 Qf3 27. Qe4 Qxe4
28. Rxe4 Rfe8 29. Re1 Bf8 30. Bd2 Red8 31. Nb7 Rxd5 32. Nxa5 f6 33. Nb3 c5 34.
Be3 Kf7 35. Bd2 Rcd8 36. R1e2 c4 37. Na5 R8d7 38. Kc2 f5 39. Re5 Bc5 40. Nc6
Kg8 41. Re8+ Kh7 42. Ne5 Rb7 43. Rc8 Re7 44. Nf7 Rxf7 45. Ree8 1/2-1/2

[Event "HEM A-Turnier"]
[Site "Marburg"]
[Date "2017.??.??"]
[Round "2.14"]
[White "Hanig, Gunnar"]
[Black "Diener, Carolin Valeria"]
[Result "1/2-1/2"]
[WhiteElo "1972"]
[BlackElo "1897"]
[PlyCount "69"]
[EventDate "2017.??.??"]

1. e4 e5 2. Nf3 Nc6 3. Nc3 Nf6 4. Bb5 Bb4 5. O-O O-O 6. d3 Bxc3 7. bxc3 d6 8.
Bg5 h6 9. Bh4 a6 10. Ba4 b5 11. Bb3 Na5 12. Qe2 Qe7 13. Rfe1 Kh8 14. d4 Rg8 15.
dxe5 dxe5 16. Bg3 Nd7 17. Rad1 Nxb3 18. cxb3 Bb7 19. c4 c6 20. Qb2 f6 21. Nh4
Qf7 22. Nf5 Nc5 23. f3 Rab8 24. Bf2 Ne6 25. c5 b4 26. Rd2 a5 27. Red1 Rgd8 28.
Nd6 Qc7 29. Be3 Ba6 30. Qc1 Kh7 31. g3 Ng5 32. Kg2 Bc8 33. h4 Ne6 34. Qc4 Rf8
35. Nf5 1/2-1/2

[Event "HEM A-Turnier"]
[Site "Marburg"]
[Date "2017.??.??"]
[Round "3.2"]
[White "Tornay Gomez, Josu"]
[Black "Goloborodko, Dimitri"]
[Result "1/2-1/2"]
[WhiteElo "2105"]
[BlackElo "2090"]
[PlyCount "39"]
[EventDate "2017.??.??"]

1. e4 e6 2. d4 d5 3. Bd3 dxe4 4. Bxe4 Nf6 5. Bf3 c5 6. Ne2 Nc6 7. Be3 cxd4 8.
Nxd4 Ne5 9. Nc3 Bb4 10. O-O Nxf3+ 11. Qxf3 Bxc3 12. bxc3 Qd5 13. Qg3 O-O 14.
Rab1 Ne4 15. Qc7 Qd8 16. Nb5 Bd7 17. Qxb7 Bxb5 18. Rxb5 Nxc3 19. Rc5 Nd5 20.
Bd2 1/2-1/2

[Event "HEM A-Turnier"]
[Site "Marburg"]
[Date "2017.??.??"]
[Round "3.3"]
[White "Muth, Andreas"]
[Black "Reschke, Thomas"]
[Result "1/2-1/2"]
[WhiteElo "2037"]
[BlackElo "2118"]
[PlyCount "44"]
[EventDate "2017.??.??"]

1. d4 g6 2. c4 Bg7 3. Nc3 d6 4. g3 Nd7 5. Nf3 e5 6. Bg2 Ne7 7. O-O O-O 8. e4
exd4 9. Nxd4 Nc6 10. Nxc6 bxc6 11. Qc2 a5 12. h3 Qf6 13. Be3 Ne5 14. Ne2 Nf3+
15. Kh1 Rb8 16. b3 c5 17. Rad1 g5 18. Rd3 Bb7 19. Nc3 Nd4 20. Qc1 h6 21. f4
gxf4 22. Rxf4 Qe6 1/2-1/2

[Event "HEM A-Turnier"]
[Site "Marburg"]
[Date "2017.??.??"]
[Round "3.4"]
[White "Lesny, Florian"]
[Black "Sadeghi, Behrang"]
[Result "1/2-1/2"]
[WhiteElo "2043"]
[BlackElo "2283"]
[PlyCount "78"]
[EventDate "2017.??.??"]

1. e4 e6 2. d4 d5 3. e5 c5 4. c3 Qb6 5. Nf3 Bd7 6. a3 c4 7. Nbd2 Nc6 8. b3 cxb3
9. Nxb3 Na5 10. Nxa5 Qxa5 11. Bd2 Qa4 12. Qb1 b6 13. Bd3 Ne7 14. O-O Rc8 15.
Rc1 h6 16. Qb4 Ng6 17. Qxa4 Bxa4 18. c4 dxc4 19. Bxc4 Kd7 20. d5 Bc5 21. Bb4
exd5 22. Bxd5 Nf4 23. Bc4 Rhd8 24. Ba6 Rc7 25. Rc4 Nd3 26. Bxc5 Nxc5 27. Rxa4
Nxa4 28. Bb5+ Ke7 29. Bxa4 Rdc8 30. Rd1 Rc1 31. Kf1 b5 32. Bb3 Rxd1+ 33. Bxd1
Rc1 34. Ke2 Ra1 35. Nd4 Ra2+ 36. Nc2 a5 37. Kd3 b4 38. axb4 axb4 39. Nxb4 Rxf2
1/2-1/2

[Event "HEM A-Turnier"]
[Site "Marburg"]
[Date "2017.??.??"]
[Round "3.5"]
[White "Feicht, Arno"]
[Black "Henrich, David"]
[Result "1/2-1/2"]
[WhiteElo "2038"]
[BlackElo "2153"]
[PlyCount "92"]
[EventDate "2017.??.??"]

1. e4 d6 2. d4 Nf6 3. Nc3 Nbd7 4. Nf3 e5 5. g4 Nxg4 6. Rg1 exd4 7. Nxd4 Nde5 8.
Bf4 c6 9. Be2 Qb6 10. a3 Nf6 11. Be3 Qc7 12. Qd2 Bd7 13. O-O-O O-O-O 14. Rg3 h5
15. Nf3 Nxf3 16. Bxf3 Ng4 17. Bf4 Ne5 18. Be2 Bg4 19. f3 Be6 20. Qd4 Qa5 21.
Bd2 Qb6 22. Qa4 h4 23. Rgg1 Nd7 24. b4 Kb8 25. Bg5 f6 26. Bf4 Qc7 27. b5 c5 28.
Be3 Nb6 29. Qa5 Nc4 30. Qxc7+ Kxc7 31. Bxc4 Bxc4 32. Rg6 Bf7 33. Nd5+ Kc8 34.
Rg2 Bh5 35. Rf2 Bf7 36. Rfd2 Bh5 37. Rf2 Re8 38. Bf4 Bf7 39. Nc3 Rd8 40. Nd5
Rh5 41. Rfd2 Bxd5 42. Rxd5 Rxd5 43. Rxd5 g5 44. Bd2 Re8 45. Bc3 Re6 46. h3 Bh6
1/2-1/2

[Event "HEM A-Turnier"]
[Site "Marburg"]
[Date "2017.??.??"]
[Round "3.6"]
[White "Nekhamkis, Genadi"]
[Black "Keuth, Gerd Erich"]
[Result "1-0"]
[WhiteElo "2121"]
[BlackElo "2028"]
[PlyCount "82"]
[EventDate "2017.??.??"]

1. e4 c6 2. d4 d5 3. f3 Qc7 4. Bd3 b6 5. Ne2 Ba6 6. Nbc3 Bxd3 7. Qxd3 e6 8. O-O
Nd7 9. a3 Rc8 10. b4 Bd6 11. h3 b5 12. e5 Bf8 13. Ng3 g6 14. Nce2 h5 15. h4 Nh6
16. Bg5 Nf5 17. Nxf5 gxf5 18. Ng3 Be7 19. f4 Bxg5 20. fxg5 Nf8 21. Kh2 Ng6 22.
Kh3 Ke7 23. Nxf5+ exf5 24. Qxf5 Qd7 25. e6 fxe6 26. Qxg6 Rcf8 27. Qg7+ Ke8 28.
Qe5 Rhg8 29. Rf6 Rxf6 30. gxf6 Kd8 31. Rf1 Kc8 32. Kh2 Qf7 33. Rf3 Rg4 34. Rf4
Rg6 35. Kh3 Kb7 36. Kh2 Qg8 37. Rf2 Qf7 38. Kh1 Rg4 39. Rf4 Rg3 40. Qd6 Qg6 41.
Rf2 Qe4 1-0

[Event "HEM A-Turnier"]
[Site "Marburg"]
[Date "2017.??.??"]
[Round "3.7"]
[White "Ries, Jutta"]
[Black "Montermann, Klaus"]
[Result "1-0"]
[WhiteElo "1983"]
[BlackElo "2068"]
[PlyCount "89"]
[EventDate "2017.??.??"]

1. f4 d5 2. Nf3 c6 3. b3 Qc7 4. e3 Bg4 5. Bb2 Nd7 6. d4 e6 7. Bd3 Bb4+ 8. c3
Be7 9. O-O Nh6 10. Qd2 f6 11. c4 Bf5 12. Nc3 Bxd3 13. Qxd3 f5 14. Rfc1 Nf6 15.
Ne5 Rd8 16. a3 O-O 17. b4 a6 18. b5 axb5 19. cxb5 Nf7 20. bxc6 bxc6 21. Nb5
Nxe5 22. fxe5 Qb7 23. exf6 Rxf6 24. Nc3 c5 25. Rc2 c4 26. Qd2 Bd6 27. Ne2 Qc7
28. g3 Ra8 29. Qc1 Qe7 30. Nc3 Ra5 31. a4 Bb4 32. Ba3 Rf8 33. Bxb4 Qxb4 34. Rb2
Qe7 35. Rb5 Ra6 36. Rab1 h5 37. Rb7 Qg5 38. Qe1 f4 39. exf4 Rxf4 40. Qc1 Rf5
41. Qxg5 Rxg5 42. R1b6 Rxb6 43. Rxb6 h4 44. Kf2 hxg3+ 45. hxg3 1-0

[Event "HEM A-Turnier"]
[Site "Marburg"]
[Date "2017.??.??"]
[Round "3.9"]
[White "Kuhn, Gerhard"]
[Black "Dios, Erwin Michael"]
[Result "1-0"]
[WhiteElo "2023"]
[BlackElo "2058"]
[PlyCount "49"]
[EventDate "2017.??.??"]

1. e4 c5 2. c3 g6 3. d4 cxd4 4. cxd4 d5 5. exd5 Nf6 6. Bb5+ Nbd7 7. d6 Bg7 8.
dxe7 Qxe7+ 9. Qe2 a6 10. Qxe7+ Kxe7 11. Be2 Nd5 12. Nf3 Re8 13. O-O Kf8 14. Re1
b5 15. Bd2 Bb7 16. Nc3 Rac8 17. a4 bxa4 18. Nxd5 Bxd5 19. Bxa6 Rxe1+ 20. Rxe1
Ra8 21. Bb5 Bxf3 22. gxf3 Nb6 23. Bb4+ Kg8 24. Bc5 Nd5 25. Bc6 1-0

[Event "HEM A-Turnier"]
[Site "Marburg"]
[Date "2017.??.??"]
[Round "3.10"]
[White "Wolff, Peter"]
[Black "Weber, Samuel"]
[Result "0-1"]
[WhiteElo "1946"]
[BlackElo "2039"]
[PlyCount "76"]
[EventDate "2017.??.??"]

1. c4 e6 2. g3 d5 3. Bg2 Nf6 4. Nf3 b6 5. O-O Be7 6. b3 Bb7 7. Bb2 c5 8. e3 O-O
9. Nc3 dxc4 10. bxc4 Nc6 11. d4 Na5 12. Ne5 Bxg2 13. Kxg2 cxd4 14. exd4 Rc8 15.
Qd3 Nd7 16. Nxd7 Qxd7 17. Rad1 Nxc4 18. Ba3 Rfd8 19. Qf3 b5 20. d5 e5 21. g4
Rc5 22. d6 Bxd6 23. Ne4 Rc6 24. Rd5 a6 25. Rfd1 Qe8 26. Qd3 Qe6 27. h3 h5 28.
Ng5 Qh6 29. Qf5 Rf8 30. Ne4 Bc7 31. g5 Qg6 32. Qd7 f5 33. Ng3 f4 34. Nxh5 f3+
35. Kh1 Qxh5 36. Rg1 Nb6 37. Qg4 Qxg4 38. hxg4 Nxd5 0-1

[Event "HEM A-Turnier"]
[Site "Marburg"]
[Date "2017.??.??"]
[Round "3.11"]
[White "Bluebaum, Johanna"]
[Black "Hanig, Gunnar"]
[Result "1-0"]
[WhiteElo "1977"]
[BlackElo "1972"]
[PlyCount "87"]
[EventDate "2017.??.??"]

1. d4 c6 2. c4 d5 3. Nc3 Nf6 4. e3 e6 5. Nf3 Nbd7 6. Bd3 dxc4 7. Bxc4 b5 8. Bd3
a6 9. e4 Be7 10. O-O Bb7 11. e5 Nd5 12. Nxd5 cxd5 13. Ne1 f5 14. Qh5+ g6 15.
Qh6 Bf8 16. Qh3 h5 17. Qg3 Rg8 18. Bg5 Be7 19. Nf3 Nf8 20. Rfc1 Nh7 21. Bxe7
Qxe7 22. h4 Kf7 23. Rc5 Rgc8 24. Rac1 b4 25. Qf4 Kg7 26. Qd2 a5 27. Rxc8 Rxc8
28. Rxc8 Bxc8 29. Qc1 Qd8 30. Qc5 Kf7 31. Bb5 Nf8 32. Ng5+ Kg7 33. Qa7+ Bd7 34.
Bxd7 Qxd7 35. Nxe6+ Kg8 36. Qxd7 Nxd7 37. Nc7 Nb8 38. Nxd5 Na6 39. Nf4 Kf7 40.
e6+ Kf6 41. d5 Nc5 42. d6 a4 43. d7 Ke7 44. Nd5+ 1-0

[Event "HEM A-Turnier"]
[Site "Marburg"]
[Date "2017.??.??"]
[Round "3.12"]
[White "Diener, Carolin Valeria"]
[Black "Kobs, Stephan"]
[Result "0-1"]
[WhiteElo "1897"]
[BlackElo "1936"]
[PlyCount "68"]
[EventDate "2017.??.??"]

1. e4 c5 2. Nc3 Nc6 3. Bb5 Nd4 4. Bc4 e6 5. Nge2 a6 6. Nxd4 cxd4 7. Ne2 b5 8.
Bb3 Bc5 9. d3 Ne7 10. O-O Bb7 11. Ng3 O-O 12. f4 f5 13. Kh1 Kh8 14. Bd2 Ng6 15.
c3 Qh4 16. exf5 exf5 17. Qh5 Qxh5 18. Nxh5 Nh4 19. Rf2 dxc3 20. Bxc3 Rg8 21.
Bxg8 Bxf2 22. h3 Kxg8 23. Nxg7 Bxg2+ 24. Kh2 Bc6 25. Rf1 Ba7 26. Kg3 Ng6 27.
Nxf5 Re8 28. Nh6+ Kf8 29. f5 Re3+ 30. Kg4 Ne5+ 31. Kg5 Nf7+ 32. Nxf7 Kxf7 33.
h4 Rg3+ 34. Kf4 Bb8+ 0-1

[Event "HEM A-Turnier"]
[Site "Marburg"]
[Date "2017.??.??"]
[Round "3.14"]
[White "Laschenko, Sergej"]
[Black "Maar, Samuel"]
[Result "1/2-1/2"]
[WhiteElo "1934"]
[BlackElo "1947"]
[PlyCount "128"]
[EventDate "2017.??.??"]

1. Nf3 Nf6 2. g3 g6 3. Bg2 Bg7 4. O-O O-O 5. d4 d6 6. c4 Nc6 7. Nc3 Bf5 8. Re1
e5 9. d5 Na5 10. e4 Bg4 11. Qd3 c5 12. Bg5 h6 13. Be3 Qd7 14. Nd2 Bh3 15. f3
Bxg2 16. Kxg2 Nh7 17. a3 b6 18. b4 Nb7 19. Rac1 f5 20. Ne2 Qe7 21. f4 Rae8 22.
fxe5 Qxe5 23. Nf4 fxe4 24. Qc2 Qf5 25. Ne6 Rf7 26. Rf1 Qg4 27. Nxe4 Rxf1 28.
Rxf1 Nf8 29. Rf4 Qh5 30. Rh4 Qe5 31. Nxg7 Qxg7 32. Bxh6 Qe5 33. Bc1 Nh7 34. Bb2
Qe7 35. Qc3 Qe5 36. Qd2 Qe7 37. Qh6 g5 38. Qxh7+ Qxh7 39. Rxh7 Rxe4 40. Rg7+
Kf8 41. Kf3 Re7 42. Rxe7 Kxe7 43. Kg4 cxb4 44. axb4 a5 45. Bc3 axb4 46. Bxb4
Na5 47. Kxg5 Nxc4 48. Kf4 Ne5 49. Ke4 Ng4 50. h4 Nf6+ 51. Kd4 b5 52. Bd2 Kf7
53. Bf4 Ne8 54. Kc3 Nf6 55. Kd4 Ne8 56. g4 b4 57. Kc4 Nf6 58. g5 b3 59. Bc1 Nd7
60. Kxb3 Nb6 61. Bf4 Nxd5 62. Bxd6 Kg6 63. Kc4 Ne3+ 64. Kd3 Nf5 1/2-1/2

[Event "HEM A-Turnier"]
[Site "Marburg"]
[Date "2017.??.??"]
[Round "4.1"]
[White "Goloborodko, Dimitri"]
[Black "Flach, Erich"]
[Result "1/2-1/2"]
[WhiteElo "2090"]
[BlackElo "2098"]
[PlyCount "116"]
[EventDate "2017.??.??"]

1. d4 Nf6 2. c4 c5 3. d5 e6 4. Nc3 exd5 5. cxd5 d6 6. e4 g6 7. f4 Bg7 8. e5
Nfd7 9. Ne4 dxe5 10. Nd6+ Ke7 11. Nxc8+ Qxc8 12. Nf3 Re8 13. fxe5 Nxe5 14. Bb5
Nbd7 15. O-O Kf8 16. Ng5 Kg8 17. Bf4 Rf8 18. Ne6 fxe6 19. dxe6 Rxf4 20. Rxf4
Nf6 21. e7 Nc6 22. Qd6 Nd7 23. Bc4+ Kh8 24. Qe6 Nxe7 25. Qxe7 Ne5 26. Bd5 Qd8
27. Qxd8+ Rxd8 28. Bxb7 Rb8 29. Rd1 h5 30. Bd5 Rxb2 31. h3 Rb4 32. Rxb4 cxb4
33. Be4 a5 34. Rd5 a4 35. Ra5 a3 36. Rb5 Kh7 37. Rxb4 Nd7 38. Rb5 Kh6 39. Kf1
Bc3 40. Ke2 Ne5 41. Kd1 Kg5 42. Kc2 Ba1 43. Kb1 Bd4 44. Kc2 Kf4 45. Bd5 Kf5 46.
Ra5 Bb2 47. Kb3 g5 48. Rxa3 Bxa3 49. Kxa3 g4 50. hxg4+ Nxg4 51. Kb4 Ne3 52. Kc5
Nxd5 53. Kxd5 Kf4 54. a4 h4 55. a5 Kg3 56. a6 Kxg2 57. a7 h3 58. a8=Q h2
1/2-1/2

[Event "HEM A-Turnier"]
[Site "Marburg"]
[Date "2017.??.??"]
[Round "4.2"]
[White "Nekhamkis, Genadi"]
[Black "Tornay Gomez, Josu"]
[Result "1/2-1/2"]
[WhiteElo "2121"]
[BlackElo "2105"]
[PlyCount "143"]
[EventDate "2017.??.??"]

1. e4 c5 2. d4 cxd4 3. c3 g6 4. Nf3 Bg7 5. Bc4 e6 6. O-O Nc6 7. cxd4 d5 8. exd5
exd5 9. Bb3 Nge7 10. h3 O-O 11. Nc3 Bf5 12. Bg5 h6 13. Bf4 g5 14. Be5 f6 15.
Bg3 Be6 16. Re1 Bf7 17. Qd2 Na5 18. Ba4 Nc4 19. Qe2 Nf5 20. Bh2 Qb6 21. Qd3
Nfd6 22. Bc2 f5 23. b3 Na3 24. Bxd6 Qxd6 25. Qxf5 Nxc2 26. Qxc2 Bh5 27. Ne5 Rf4
28. Qd3 Raf8 29. f3 Qb6 30. Rad1 Rd8 31. Qb5 Qd6 32. Qxb7 Bxe5 33. dxe5 Qc5+
34. Kh2 Qxc3 35. Rc1 Qb4 36. Qxa7 Rf7 37. Qa6 Qf4+ 38. Kg1 Kg7 39. Rc6 Qd4+ 40.
Kh2 Qf4+ 41. Kg1 Qf5 42. Rxh6 Bg6 43. g4 Qc2 44. Qb6 Re8 45. Rxg6+ Qxg6 46. e6
Rfe7 47. Qd4+ Qf6 48. Qxd5 Rxe6 49. Rxe6 Rxe6 50. Kf2 Qb2+ 51. Kg3 Qe2 52.
Qxg5+ Rg6 53. Qd5 Qe1+ 54. Kg2 Re6 55. Qg5+ Kf7 56. Qh5+ Ke7 57. Qc5+ Kd7 58.
Qa7+ Ke8 59. Qb8+ Kf7 60. Qf4+ Rf6 61. Qc4+ Kg7 62. Qd5 Qe2+ 63. Kg3 Qe3 64. h4
Re6 65. a4 Qe1+ 66. Kh3 Qh1+ 67. Kg3 Qg1+ 68. Kh3 Qf1+ 69. Kg3 Qg1+ 70. Kh3
Qh1+ 71. Kg3 Qg1+ 72. Kh3 1/2-1/2

[Event "HEM A-Turnier"]
[Site "Marburg"]
[Date "2017.??.??"]
[Round "4.3"]
[White "Reschke, Thomas"]
[Black "Kuhn, Gerhard"]
[Result "1-0"]
[WhiteElo "2118"]
[BlackElo "2023"]
[PlyCount "57"]
[EventDate "2017.??.??"]

1. c4 Nf6 2. g3 g6 3. Bg2 d5 4. cxd5 Nxd5 5. Nc3 Nb6 6. d3 Bg7 7. Be3 c6 8. Qd2
Be6 9. Bh6 Bxh6 10. Qxh6 Nd5 11. Nf3 Nf6 12. O-O Na6 13. Ne4 Bd5 14. Nfg5 Bxe4
15. dxe4 e5 16. Qg7 Rf8 17. Nxh7 Nxh7 18. Qxh7 Qf6 19. Qh6 Rh8 20. Qe3 O-O-O
21. Qxa7 Rd2 22. e3 Rhd8 23. b4 Rb2 24. Rab1 Rdd2 25. Rxb2 Rxb2 26. a3 Kc7 27.
Qa8 g5 28. Bh3 Qd6 29. Bc8 1-0

[Event "HEM A-Turnier"]
[Site "Marburg"]
[Date "2017.??.??"]
[Round "4.4"]
[White "Ries, Jutta"]
[Black "Lesny, Florian"]
[Result "1/2-1/2"]
[WhiteElo "1983"]
[BlackElo "2043"]
[PlyCount "31"]
[EventDate "2017.??.??"]

1. f4 d5 2. Nf3 Nf6 3. b3 c5 4. Bb2 Nc6 5. e3 e6 6. Bb5 Bd7 7. O-O Be7 8. Qe2
O-O 9. Bxc6 Bxc6 10. Ne5 Rc8 11. d3 Nd7 12. Nxd7 Bxd7 13. Nd2 Bf6 14. Bxf6 Qxf6
15. Nf3 Qe7 16. c4 1/2-1/2

[Event "HEM A-Turnier"]
[Site "Marburg"]
[Date "2017.??.??"]
[Round "4.5"]
[White "Weber, Samuel"]
[Black "Muth, Andreas"]
[Result "1-0"]
[WhiteElo "2039"]
[BlackElo "2037"]
[PlyCount "89"]
[EventDate "2017.??.??"]

1. e4 c5 2. Nf3 Nc6 3. d3 g6 4. g3 Bg7 5. Bg2 e6 6. O-O Nge7 7. Re1 d6 8. c3
O-O 9. Nbd2 Rb8 10. Nb3 b6 11. d4 cxd4 12. Nbxd4 a6 13. Bg5 Qc7 14. h4 h6 15.
Bxe7 Nxe7 16. Rc1 Bb7 17. c4 Rfd8 18. b4 Nc6 19. Nxc6 Qxc6 20. Nd4 Qd7 21. Nb3
Qa4 22. Qd2 Rbc8 23. Bf3 Rd7 24. Bd1 Qc6 25. Qd3 Qc7 26. Bf3 Qd8 27. Red1 Rcc7
28. Qe3 Rc8 29. Qd3 Rcc7 30. a4 Kh7 31. a5 bxa5 32. Nxa5 Ba8 33. Qa3 Qc8 34. b5
axb5 35. cxb5 Rc3 36. Rxc3 Qxc3 37. Qxc3 Bxc3 38. Nc4 Bb4 39. Ra1 Bb7 40. Ra7
Bc5 41. b6 Bb4 42. e5 d5 43. Nd6 Bxd6 44. exd6 Kg7 45. Be2 1-0

[Event "HEM A-Turnier"]
[Site "Marburg"]
[Date "2017.??.??"]
[Round "4.6"]
[White "Sadeghi, Behrang"]
[Black "Bethke, Robert"]
[Result "1-0"]
[WhiteElo "2283"]
[BlackElo "1912"]
[PlyCount "29"]
[EventDate "2017.??.??"]

1. e4 e5 2. Bc4 Nc6 3. Nf3 Bc5 4. b4 Bxb4 5. c3 Ba5 6. d4 exd4 7. O-O b5 8.
Bxb5 Bxc3 9. Nxc3 dxc3 10. Bxc6 dxc6 11. Qc2 Ne7 12. Rd1 Nd5 13. exd5 cxd5 14.
Ba3 Qf6 15. Rxd5 1-0

[Event "HEM A-Turnier"]
[Site "Marburg"]
[Date "2017.??.??"]
[Round "4.7"]
[White "Henrich, David"]
[Black "Rolf, Marco"]
[Result "0-1"]
[WhiteElo "2153"]
[BlackElo "2067"]
[PlyCount "64"]
[EventDate "2017.??.??"]

1. d4 d5 2. Nf3 Nf6 3. e3 Bf5 4. c4 c6 5. Qb3 Qb6 6. c5 Qc7 7. Nbd2 Nbd7 8. Qc3
Ne4 9. Nxe4 Bxe4 10. Nd2 Bg6 11. f4 b6 12. b4 a5 13. a3 b5 14. Be2 e6 15. O-O
Be7 16. Bb2 a4 17. g4 h5 18. f5 hxg4 19. Rf2 exf5 20. Nf1 Rh3 21. Bd3 O-O-O 22.
Bxf5 Bxf5 23. Rxf5 Rdh8 24. Qd2 Nf6 25. Qg2 g3 26. hxg3 Qd7 27. Rf4 g5 28. Rf2
Ne4 29. Rxf7 Qe6 30. Rf2 Rh1+ 31. Qxh1 Rxh1+ 32. Kxh1 Nxf2+ 0-1

[Event "HEM A-Turnier"]
[Site "Marburg"]
[Date "2017.??.??"]
[Round "4.8"]
[White "Kobs, Stephan"]
[Black "Feicht, Arno"]
[Result "0-1"]
[WhiteElo "1936"]
[BlackElo "2038"]
[PlyCount "196"]
[EventDate "2017.??.??"]

1. e4 c5 2. Nf3 Nc6 3. d4 cxd4 4. Nxd4 e5 5. Nb5 d6 6. N5c3 Be7 7. Nd5 Nf6 8.
Nxf6+ Bxf6 9. Nc3 O-O 10. Nd5 Be6 11. Bd3 Bg5 12. O-O Rc8 13. Qh5 Bxc1 14.
Raxc1 g6 15. Qh6 Bxd5 16. exd5 Nb4 17. Rfd1 Nxa2 18. Ra1 Nb4 19. c4 Qf6 20. Ra4
Nxd3 21. Rxd3 a6 22. Rb4 Rc7 23. Rdb3 Qf5 24. Rc3 Rfc8 25. Qc1 Kg7 26. Rh3 h5
27. Rc3 Qd7 28. f4 Qf5 29. fxe5 Qxe5 30. Qe3 Qf6 31. Qf2 Qe5 32. Qe3 Re8 33.
Qxe5+ Rxe5 34. h3 Kf8 35. Rcb3 Ree7 36. Rb6 Rxc4 37. Rxb7 Rc1+ 38. Kf2 Rc2+ 39.
Kf1 Ree2 40. Rf3 f5 41. Rfb3 Rf2+ 42. Ke1 Rxg2 43. Kd1 Rcd2+ 44. Ke1 Rxd5 45.
Rb8+ Kf7 46. R3b7+ Kf6 47. h4 Ke5 48. Re8+ Kd4 49. Kf1 Rh2 50. Kg1 Rd2 51. Re6
Rc2 52. Rxg6 Ke5 53. Re7+ Kf4 54. Re1 Rxb2 55. Rf1+ Ke4 56. Re6+ Kd4 57. Rd1+
Kc5 58. Rc1+ Kb5 59. Re8 Rdd2 60. Rb8+ Ka4 61. Ra1+ Ra2 62. Rab1 a5 63. Rc8 d5
64. Rf8 Rg2+ 65. Kh1 Rh2+ 66. Kg1 Rxh4 67. Rxf5 Rb4 68. Rd1 d4 69. Rxh5 Kb3 70.
Rh3+ Kc4 71. Rc1+ Kd5 72. Rh5+ Ke4 73. Re1+ Kf4 74. Rh8 Rbb2 75. Rf8+ Kg5 76.
Re5+ Kg6 77. Rf3 Rb1+ 78. Rf1 Rxf1+ 79. Kxf1 Kf6 80. Rd5 Ra4 81. Ke2 Ke6 82.
Rd8 Ke5 83. Kd3 Ra3+ 84. Kd2 a4 85. Rd7 Rb3 86. Ra7 a3 87. Kd1 Ke4 88. Kc2 Rb2+
89. Kc1 Rb3 90. Kc2 Rc3+ 91. Kd2 Rh3 92. Re7+ Kd5 93. Rd7+ Kc4 94. Rc7+ Kb3 95.
Rb7+ Ka2 96. Kd1 Rb3 97. Rd7 d3 98. Kd2 Kb2 0-1

[Event "HEM A-Turnier"]
[Site "Marburg"]
[Date "2017.??.??"]
[Round "4.9"]
[White "Lukas, Anne"]
[Black "Bluebaum, Johanna"]
[Result "1/2-1/2"]
[WhiteElo "1822"]
[BlackElo "1977"]
[PlyCount "85"]
[EventDate "2017.??.??"]

1. d4 Nf6 2. Bg5 e6 3. e4 h6 4. Bxf6 Qxf6 5. c3 d6 6. Bd3 c6 7. Ne2 e5 8. O-O
Be6 9. f4 exd4 10. cxd4 Be7 11. Nd2 Bg4 12. Nf3 O-O 13. Qc2 Rc8 14. e5 dxe5 15.
dxe5 Qe6 16. Nfd4 Qd5 17. Bh7+ Kh8 18. Bf5 Bxf5 19. Qxf5 Na6 20. Rfd1 Bc5 21.
Kh1 Qc4 22. b3 Qd5 23. Nc3 Qd8 24. Ndb5 Qg8 25. Nd6 Rc7 26. Nce4 Ba3 27. Rd3
Nc5 28. Nxc5 Bxc5 29. Ne4 Bb4 30. Rad1 Re8 31. Nd6 Ree7 32. Qg4 Bc5 33. Ne4 Bb6
34. Rd8 Re8 35. R8d7 Re7 36. R7d6 Rc8 37. Qh4 Qf8 38. R1d3 Rd8 39. g4 Rxd6 40.
Rxd6 Bc7 41. Rd4 Bb6 42. Rd6 Bc7 43. Rd4 1/2-1/2

[Event "HEM A-Turnier"]
[Site "Marburg"]
[Date "2017.??.??"]
[Round "4.10"]
[White "Montermann, Klaus"]
[Black "Keuth, Gerd Erich"]
[Result "1-0"]
[WhiteElo "2068"]
[BlackElo "2028"]
[PlyCount "127"]
[EventDate "2017.??.??"]

1. d4 d5 2. e4 c6 3. Nc3 dxe4 4. Nxe4 Nf6 5. Nxf6+ gxf6 6. Nf3 Bf5 7. Bd3 e6 8.
c3 Bg6 9. h4 Qd5 10. Qe2 Nd7 11. Bc4 Qe4 12. h5 Qxe2+ 13. Kxe2 Be4 14. Ne1 Nb6
15. Bb3 O-O-O 16. Be3 Bd5 17. Bc2 Nc4 18. Bc1 c5 19. b3 Nb6 20. Be3 c4 21. f3
Bc6 22. Be4 Bd5 23. Bxd5 Rxd5 24. g4 Be7 25. Nc2 Rhd8 26. Bf2 Rb5 27. Rab1 Nd5
28. Kd2 Nb6 29. Ne3 Ra5 30. Rb2 Rc5 31. Rhb1 Rc7 32. bxc4 e5 33. Kd3 Na4 34.
Rb5 Nc5+ 35. Ke2 Na4 36. R1b3 Nxc3+ 37. Rxc3 exd4 38. Rc1 dxe3 39. Bxe3 b6 40.
a4 Bc5 41. Bxc5 bxc5 42. Rb3 Rcd7 43. Rb5 Rc7 44. Rc3 Rd6 45. Rd3 Re6+ 46. Kd2
a6 47. Rb1 Rce7 48. Kc3 Kc7 49. Rbd1 Kb6 50. Rd6+ Kc7 51. R6d5 Kc6 52. R1d3 Rb7
53. f4 Rb4 54. Rxc5+ Kxc5 55. Rd5+ Kb6 56. Kxb4 Rc6 57. Rd7 a5+ 58. Kc3 f5 59.
g5 f6 60. g6 hxg6 61. hxg6 Rc8 62. Rd6+ Kb7 63. Rxf6 Rg8 64. Kd4 1-0

[Event "HEM A-Turnier"]
[Site "Marburg"]
[Date "2017.??.??"]
[Round "4.11"]
[White "Dios, Erwin Michael"]
[Black "Wolff, Peter"]
[Result "0-1"]
[WhiteElo "2058"]
[BlackElo "1946"]
[PlyCount "86"]
[EventDate "2017.??.??"]

1. g3 d5 2. Bg2 Nf6 3. Nf3 c6 4. O-O Bg4 5. d3 Nbd7 6. Nbd2 e6 7. h3 Bh5 8. e4
Bd6 9. exd5 cxd5 10. c4 O-O 11. Qe2 Rc8 12. b3 Re8 13. g4 Bg6 14. Nh4 Nb6 15.
Nxg6 hxg6 16. Bb2 Bf4 17. Rfd1 Qd7 18. Be5 Bxe5 19. Qxe5 Qc7 20. Qxc7 Rxc7 21.
Nf1 Rec8 22. Ne3 g5 23. Bf3 d4 24. Nc2 e5 25. Re1 Nbd7 26. b4 Kf8 27. Kg2 Ng8
28. Rh1 Ne7 29. Be4 Nf6 30. Rae1 Nxe4 31. Rxe4 Ng6 32. Kg3 f6 33. Re2 Kf7 34.
Rd2 Rh8 35. Na3 a6 36. c5 Ke6 37. Nc4 Rc6 38. a3 Rc7 39. Rc1 Nf4 40. Rh1 Rh4
41. f3 g6 42. Nb2 Rch7 43. Rdh2 Kd7 0-1

[Event "HEM A-Turnier"]
[Site "Marburg"]
[Date "2017.??.??"]
[Round "4.12"]
[White "Hanig, Gunnar"]
[Black "Laschenko, Sergej"]
[Result "1/2-1/2"]
[WhiteElo "1972"]
[BlackElo "1934"]
[PlyCount "47"]
[EventDate "2017.??.??"]

1. e4 e6 2. d4 d5 3. Nd2 c5 4. exd5 Qxd5 5. Ngf3 cxd4 6. Nb3 Bb4+ 7. Bd2 Nc6 8.
Bxb4 Nxb4 9. Nbxd4 Bd7 10. a3 Nc6 11. Nb5 Qxd1+ 12. Rxd1 Ke7 13. b4 Nf6 14. Nd6
Rab8 15. b5 Nd8 16. c4 b6 17. Ne5 Rf8 18. g3 Nb7 19. Nxb7 Rxb7 20. Bg2 Rc7 21.
Bc6 Rfc8 22. Ke2 Be8 23. Bxe8 Kxe8 24. Rd4 1/2-1/2

[Event "HEM A-Turnier"]
[Site "Marburg"]
[Date "2017.??.??"]
[Round "4.13"]
[White "Maar, Samuel"]
[Black "Diener, Carolin Valeria"]
[Result "1-0"]
[WhiteElo "1947"]
[BlackElo "1897"]
[PlyCount "85"]
[EventDate "2017.??.??"]

1. e4 e5 2. Nf3 Nc6 3. Bc4 Bc5 4. c3 Nf6 5. d4 exd4 6. e5 d5 7. Bb5 Ne4 8. cxd4
Bb6 9. Qc2 Bd7 10. Be3 O-O 11. Be2 Ne7 12. Nc3 Bf5 13. Bd3 Nxc3 14. bxc3 Qd7
15. O-O h6 16. Rad1 c6 17. c4 dxc4 18. Qxc4 Nd5 19. Nh4 Bxd3 20. Qxd3 Qg4 21.
Nf5 Kh8 22. h3 Qh5 23. Kh2 Qg6 24. Nd6 Qxd3 25. Rxd3 Rab8 26. Rb3 Kg8 27. Re1
Rfd8 28. Nf5 Rd7 29. Bd2 Rbd8 30. Rg3 g6 31. Bxh6 Kh7 32. Re4 Rh8 33. Bg7 Bd8
34. e6 fxe6 35. Rxe6 Rxg7 36. Nxg7 Kxg7 37. Rexg6+ Kf8 38. Rf3+ Ke8 39. Rg7 Bf6
40. Rxb7 Bxd4 41. g3 a5 42. Rd3 Be5 43. Ra7 1-0

[Event "HEM A-Turnier"]
[Site "Marburg"]
[Date "2017.??.??"]
[Round "5.1"]
[White "Flach, Erich"]
[Black "Weber, Samuel"]
[Result "0-1"]
[WhiteElo "2098"]
[BlackElo "2039"]
[PlyCount "66"]
[EventDate "2017.??.??"]

1. d4 Nf6 2. c4 e6 3. Nc3 Bb4 4. Qc2 Nc6 5. Nf3 d6 6. Bd2 Qe7 7. a3 Bxc3 8.
Bxc3 e5 9. d5 Nb8 10. e4 a5 11. b4 axb4 12. axb4 Rxa1+ 13. Bxa1 O-O 14. Bd3 Nh5
15. g3 Bh3 16. Bf1 Bxf1 17. Kxf1 g6 18. Kg2 Qd7 19. h3 h6 20. c5 Na6 21. cxd6
cxd6 22. Rc1 Nxb4 23. Qd2 Na6 24. Qxh6 Re8 25. Qe3 Nf6 26. Nd2 Nc5 27. f3 b5
28. Bb2 Qb7 29. Ba3 Nfd7 30. Nb3 b4 31. Bb2 Ra8 32. Rc2 Qb5 33. Qe2 Qxe2+ 0-1